Music Quiz

Random Music or Kpop Quiz

Name the female idol (selca vers.) Quiz Stats

 Plays Quiz not verified by Sporcle

Challenge
Share
Tweet
Score 0/20 Timer 20:00
0 Plays Today
% Correct
Bom
97.3%
Krystal
97.1%
Sunny
95.2%
Irene
94.3%
Suzy
90.8%
Hyorin
90.2%
Solji
86.8%
Bomi
81.2%
Jihyo
80.8%
Moonbyul
79.4%
% Correct
Nana
76.4%
Chanmi
74.6%
Yura
74%
Sohyun
72.9%
SinB
71.9%
Kei
58.5%
Hyomin
53.1%
Jieun
42.1%
Jaekyung
41.4%
Subin
34.3%

You're not logged in!

Compare scores with friends on all Sporcle quizzes.
OR
Log In

You Might Also Like...

Show Comments

Extras

Created Aug 8, 2016ReportNominate
Tags:Kpop Quiz, idol, Kpop Quiz

Top Quizzes Today


Score Distribution

Your Account Isn't Verified!

In order to create a playlist on Sporcle, you need to verify the email address you used during registration. Go to your Sporcle Settings to finish the process.

Report this User

Report this user for behavior that violates our Community Guidelines.

Details: